000 01091naa a22003017a 4500
001 BR6009387
003 BR-BrBNA
005 20240918173014.0
007 ta
008 230509b bl.||||| |||| 00| 0 por d
040 _aBR-BrBNA
_bpor
_cBiblioteca Nacional de Agricultura
041 _a(Pt)
072 _aL10
_b7110
090 _aL10 BR6009387
100 1 _aCosenza, G.W.
111 1 _a1. Congresso Brasileiro de Apicultura
_cFlorianopolis, SC (Brazil)
_d8 May 1970
245 1 _aEstudo comparativo da agressividade da abelha africana, da abelha caucasiana e suas hibridas
260 3 _aFlorianopolis, SC (Brasil):
_c1970.
500 _a1. Congresso Brasileiro de Apicultura Florianopolis, SC (Brasil): 1970. p. 125-128 (BR6009387-AM)L10
650 _aMelhoramento genetico animal
650 _aAbelha africana
650 _aAbelha caucasiana
650 _aAgressividade
650 _aHibrido
773 0 _t1. Congresso Brasileiro de Apicultura
_wL10 BR6009387
_gFlorianopolis, SC (Brasil), 1970. p. 125-128
909 _a202404
_bLucia
_c55
_dLucia Elande
942 _cAM
_2AGRIS
999 _c302472
_d302472